Creating a world without poverty : (Record no. 542601)

000 -LEADER
fixed length control field 01581cam a2200253 a 4500
020 ## - INTERNATIONAL STANDARD BOOK NUMBER
International Standard Book Number 1586484931 (hardcover)
020 ## - INTERNATIONAL STANDARD BOOK NUMBER
International Standard Book Number 9781586484934 (hardcover)
082 00 - DEWEY DECIMAL CLASSIFICATION NUMBER
Classification number 330.7
Author Mark MUH
-- N-01, P-184
100 1# - MAIN ENTRY--PERSONAL NAME
Personal name Yunus, Muhammad,
9 (RLIN) 37835
245 10 - TITLE STATEMENT
Title Creating a world without poverty :
Remainder of title social business and the future of capitalism /
Statement of responsibility, etc. Muhammad Yunus with Karl Weber.
260 ## - PUBLICATION, DISTRIBUTION, ETC.
Place of publication, distribution, etc. New York :
Name of publisher, distributor, etc. PublicAffairs,
Date of publication, distribution, etc. c2007.
300 ## - PHYSICAL DESCRIPTION
Extent xvii, 261 p. :
Other physical details ill. ;
Dimensions 25 cm.
500 ## - GENERAL NOTE
General note Includes index.
505 0# - FORMATTED CONTENTS NOTE
Formatted contents note Prologue : starting with a handshake -- The promise of social business -- A new kind of business -- Social business : what it is and what it is not -- The Grameen experiment -- The microcredit revolution -- From microcredit to social business -- The battle against poverty : Bangladesh and beyond -- God is in the details -- One cup of yogurt a a time -- A world without poverty -- Broadening the marketplace -- Information technology, globalization, and a transformed world -- Hazards of prosperity -- Putting poverty in museums -- Epilogue: "Poverty is a threat to peace"--the nobel prize lecture.
526 ## - STUDY PROGRAM INFORMATION NOTE
Program name 0
Interest level 0
Reading level 0
Title point value 330_700000000000000_MUH
650 #0 - SUBJECT ADDED ENTRY--TOPICAL TERM
Topical term or geographic name entry element Industries
General subdivision Social aspects.
9 (RLIN) 3611
650 #0 - SUBJECT ADDED ENTRY--TOPICAL TERM
Topical term or geographic name entry element Poverty
General subdivision Prevention.
9 (RLIN) 37836
650 #0 - SUBJECT ADDED ENTRY--TOPICAL TERM
Topical term or geographic name entry element Social responsibility of business.
700 1# - ADDED ENTRY--PERSONAL NAME
Personal name Weber, Karl,
9 (RLIN) 37837
856 41 - ELECTRONIC LOCATION AND ACCESS
Uniform Resource Identifier <a href="http://www.loc.gov/catdir/toc/ecip0725/2007034545.html">http://www.loc.gov/catdir/toc/ecip0725/2007034545.html</a>
856 42 - ELECTRONIC LOCATION AND ACCESS
Uniform Resource Identifier <a href="http://www.loc.gov/catdir/enhancements/fy0828/2007034545-b.html">http://www.loc.gov/catdir/enhancements/fy0828/2007034545-b.html</a>
856 42 - ELECTRONIC LOCATION AND ACCESS
Uniform Resource Identifier <a href="http://www.loc.gov/catdir/enhancements/fy0828/2007034545-d.html">http://www.loc.gov/catdir/enhancements/fy0828/2007034545-d.html</a>
942 ## - ADDED ENTRY ELEMENTS (KOHA)
Source of classification or shelving scheme
Koha item type Book
Holdings
Withdrawn status Lost status Source of classification or shelving scheme Damaged status Not for loan Permanent Location Current Location Date acquired Total Checkouts Total Renewals Full call number Barcode Date last seen Date last checked out Price effective from Koha item type
          Military College of Engineering (MCE) Military College of Engineering (MCE) 02/04/2014 2 1 330.7 MUH MCE-39362 10/02/2019 08/01/2019 02/04/2014 Book
© 2023 Central Library, National University of Sciences and Technology. All Rights Reserved.